Prontuario de logaritmos (Record no. 122940)

MARC details
000 -LEADER
campo de control de longitud fija 00584nam a2200193 4500
001 - NÚMERO DE CONTROL
campo de control 122940
003 - IDENTIFICADOR DE NÚMERO DE CONTROL
campo de control ES-MaACL
005 - FECHA Y HORA DE LA ÚLTIMA TRANSACCIÓN
campo de control 20230906192054.0
007 - CAMPO FIJO DE DESCRIPCIÓN FÍSICA--INFORMACIÓN GENERAL
campo de control de longitud fija t|
008 - DATOS DE LONGITUD FIJA--INFORMACIÓN GENERAL
campo de control de longitud fija 070214s1980 sp r ||||0| spa d
245 00 - MENCIÓN DEL TÍTULO
Título Prontuario de logaritmos
Resto del título : [logaritmos] decimales de los números naturales desde 1 a 25.000, con seis cifras.
250 ## - MENCION DE EDICION
Mención de edición 4ª ed.
260 ## - PUBLICACIÓN, DISTRIBUCIÓN, ETC.
Lugar de publicación, distribución, etc. Madrid [etc.] :
Nombre del editor, distribuidor, etc. Everest,
Fecha de publicación, distribución, etc. 1980.
300 ## - DESCRIPCIÓN FÍSICA
Extensión 94 p ;
Dimensiones 13 cm.
490 1# - MENCIÓN DE SERIE
Mención de serie Prontuarios Everest
830 0# - PUNTO DE ACCESO ADICIONAL DE SERIE-TÍTULO UNIFORME
Título uniforme Prontuarios Everest
9 (RLIN) 218891
852 ## - LOCALIZACIÓN
Ubicación ES-MaACL
Número de control de estantería C-53640
Sublocalización o colección R.101880
Holdings
Estatus retirado Estado de pérdida Estado de daño No para préstamo Biblioteca de origen Biblioteca actual Ubicación en estantería Fecha de adquisición Fuente de adquisición Total de préstamos Signatura topográfica completa Código de barras Visto por última vez Precio de reemplazo Tipo de ítem Koha
        Biblioteca del Ateneo de Madrid Biblioteca del Ateneo de Madrid Depósito 2 17/01/2008     C-53640 1128108 23/02/2023 23/02/2023 Libro impreso